Purpureae Vestes I. Textiles y tintes del Mediterráneo en época romana : (Record no. 82411)
[ view plain ]
| 000 -LEADER | |
|---|---|
| campo de control de longitud fija | 00632nmm a2200169Ia 4500 |
| 008 - DATOS DE LONGITUD FIJA--INFORMACIÓN GENERAL | |
| campo de control de longitud fija | 251105s9999||||xx |||||||||||||||||und|| |
| 020 ## - NÚMERO INTERNACIONAL ESTÁNDAR DEL LIBRO | |
| Número Internacional Estándar del Libro | 9788437070285 |
| 041 ## - CÓDIGO DE IDIOMA | |
| Código de lengua del texto/banda sonora o título independiente | cat |
| 100 ## - ENTRADA PRINCIPAL--NOMBRE DE PERSONA | |
| Nombre de persona | Alfaro Giner, Carmen |
| 245 #0 - MENCIÓN DEL TÍTULO | |
| Título | Purpureae Vestes I. Textiles y tintes del Mediterráneo en época romana : |
| Resto del título | Estudios sobre la producción de bienes de consumo en la Antigüedad |
| 264 ## - PRODUCCIÓN, PUBLICACIÓN, DISTRIBUCIÓN, FABRICACIÓN Y COPYRIGHT | |
| Producción, publicación, distribución, fabricación y copyright | [Madrid, España] : |
| Nombre del de productor, editor, distribuidor, fabricante | Publicaciones de la Universidad de Valencia (PUV), |
| Fecha de producción, publicación, distribución, fabricación o copyright | 2008 |
| 300 ## - DESCRIPCIÓN FÍSICA | |
| Extensión | 264 páginas |
| 490 ## - MENCIÓN DE SERIE | |
| Mención de serie | Fora de Col·lecció |
| 650 ## - PUNTO DE ACCESO ADICIONAL DE MATERIA--TÉRMINO DE MATERIA | |
| Término de materia o nombre geográfico como elemento de entrada | Arts in general |
| 856 ## - LOCALIZACIÓN Y ACCESO ELECTRÓNICOS | |
| Identificador Uniforme de Recursos | <a href="https://public.digitaliapublishing.com/a/35310">https://public.digitaliapublishing.com/a/35310</a> |
| 942 ## - ELEMENTOS DE ENTRADA SECUNDARIOS (KOHA) | |
| Tipo de ítem Koha | Libro Digital |
No items available.